| 000 | 00568nam a22002057a 4500 | ||
|---|---|---|---|
| 999 |
_c7138 _d7138 |
||
| 001 | 5706 | ||
| 003 | BD-DhUAP | ||
| 005 | 20210116122843.0 | ||
| 008 | 210116s1999 ii ||||| |||| 001 0 eng d | ||
| 020 | _a8176353337 | ||
| 040 |
_aBD-DhUAP _bEng _cBD-DhUAP _dBD-DhUAP |
||
| 082 |
_223 _a005.133 PIR |
||
| 100 | _aPiroumian, Vartan. | ||
| 245 |
_aJava GUI development / _cVartan Piroumian. |
||
| 260 |
_aNew Delhi : _bTechmedia, _cc1999. |
||
| 300 |
_a684 pages ; _c24 cm. |
||
| 500 | _aIncludes index. | ||
| 650 | _aJava (Computer program language). | ||
| 942 |
_2ddc _cBK |
||